Modern accountancy (Record no. 1229)

MARC details
000 -LEADER
Fixed length control field 00482nam a2200193 4500
003 - CONTROL NUMBER IDENTIFIER
Control field SEACOMMC
005 - DATE AND TIME OF LATEST TRANSACTION
Control field 20250804120828.0
008 - FIXED-LENGTH DATA ELEMENTS--GENERAL INFORMATION
Fixed length control field 250804b |||||||| |||| 00| 0 eng d
020 ## - INTERNATIONAL STANDARD BOOK NUMBER / ISBN
International Standard Book Number 100070499667
040 ## - CATALOGING SOURCE
Original cataloging agency SEACOMMC
082 ## - DEWEY DECIMAL CLASSIFICATION NUMBER
Classification number 657
Book Number M953 m
100 ## - MAIN ENTRY--PERSONAL NAME
Personal name MUKHERJEE ,Amitabha;HANIF, Mohammed.
245 ## - TITLE STATEMENT
Title Modern accountancy
250 ## - EDITION STATEMENT
Edition statement 2nd ed.
260 ## - IMPRINT
Place of publication New Delhi
Name of publisher Tata McGraw-hill
Date of publication 2010
300 ## - PHYSICAL DESCRIPTION
Page / Vol. No xvi,37-74,vi
650 ## - SUBJECT ADDED ENTRY--TOPICAL TERM
Topical term accountancy. ;
942 ## - ADDED ENTRY ELEMENTS (KOHA)
Koha item type Books
Holdings
Withdrawn status Lost status Source of classification Damaged status Not for loan Home library Current library Date acquired Total Checkouts Call number Accession number Date last seen Copy number Price effective from Koha item type
    Dewey Decimal Classification     SEACOM MANAGEMENT COLLEGE SEACOM MANAGEMENT COLLEGE 30/08/2011   657 M953 m M-3077 04/08/2025 1 04/08/2025 Books
    Dewey Decimal Classification     SEACOM MANAGEMENT COLLEGE SEACOM MANAGEMENT COLLEGE 30/08/2011   657 M953 m M-3078 04/08/2025 2 04/08/2025 Books
    Dewey Decimal Classification     SEACOM MANAGEMENT COLLEGE SEACOM MANAGEMENT COLLEGE 30/08/2011   657 M953 m M-3079 04/08/2025 3 04/08/2025 Books
    Dewey Decimal Classification     SEACOM MANAGEMENT COLLEGE SEACOM MANAGEMENT COLLEGE 30/08/2011   657 M953 m M-3080 04/08/2025 4 04/08/2025 Books
    Dewey Decimal Classification     SEACOM MANAGEMENT COLLEGE SEACOM MANAGEMENT COLLEGE 30/08/2011   657 M953 m M-3081 04/08/2025 5 04/08/2025 Books
© Seacom Engineering College, All rights reserved.    Powered by Koha